О разъяснении Акционерному Обществу "Шерсть", с какого времени получили распространение на территорию г. Керки - ТССР законы ССС...

Доступно только в Электронных читальных залах Найти на картеНа карте
RUSMARC
00004058nac2a22002773x 450
00182cc29b4-4bf7-45d6-966e-6fdd88c7c774
00520220204131648.0
100##$a20211219l19261928k y0rusy50 ca
1010#$arus
$amul
102##$aRU
105##$ay z |||||
1222#$ad19260823
$ad19280810
2001#$aО разъяснении Акционерному Обществу "Шерсть", с какого времени получили распространение на территорию г. Керки - ТССР законы СССР
$j23.08.1926 - 10.08.1928
215##$a25 листов
251##$cДело
300##$aНа папке дела: 23/8 1926 г. - 20 августа 1928 г.
300##$aВ деле обратная нумерация листов
300##$aЧасть текста на языках народов СССР
300##$aЧасть текста машинописная, часть - напечатана типографским способом
324##$aВ деле имеются копии отдельных документов
461#0$1001796d4672-8a00-4986-b488-6e42273792cc
$12001
$aЦЕНТРАЛЬНЫЙ ИСПОЛНИТЕЛЬНЫЙ КОМИТЕТ СССР (ЦИК СССР)
$1251
$cФонд
$1852
$j3316
$gР
462#0$1001e365b2fb-f374-4764-a068-dc9012f0aaee
$12001
$aДела Секретариата Президиума ЦИК Союза ССР за 1926 г.
$vД. 117
$1251
$cОпись
$1852
$j19
60101$3RU\NLR\AUTH\880357276
$aСССР
$bЦИК
801#0$aRU
$bGA_RF
801#1$aRU
$bГлавНИВЦ
$c20211219
$2rusmarc
801#2$aRU
$bПБ им. Б.Н. Ельцина
$c20220204
$gRCR
$2rusmarc
852##$aГА РФ
$j117
937##$d173867958
$hГАРФ
035##$aRuPRLIB51066331
856##$uhttp://readingroom.main.prlib.ru/item.aspx?id_node=n173867958&mode=full
Формат отображения